| 000 | 00659nac a22001931u 4500 | ||
|---|---|---|---|
| 010 | _a010098400 | ||
| 020 | _a0749427124 | ||
| 028 | _bwww.lib.uk | ||
| 082 |
_a337 _bSa594 |
||
| 090 |
_c2181 _d2181 |
||
| 100 | _asanter, jacques | ||
| 245 | _atowards a more coherent a global economic order | ||
| 260 |
_alondon _b kogan page and european commision,1998 _c1998 |
||
| 300 |
_a105p. : _b ill. ; _c23 cm |
||
| 440 | _atowards a more coherent a global economic order | ||
| 600 | _ajacques santer | ||
| 942 |
_cBB _k337Sa594 |
||
| 999 |
_c2181 _d2181 |
||